Who is on the US's Banknotes? - Statistics

General Stats
  • This quiz has been taken 62 times
  • The average score is 6 of 7
Answer Stats
Hint Answer % Correct
$1 George Washington
100%
$5 Abraham Lincoln
95%
$100 Benjamin Franklin
95%
$2 Thomas Jefferson
82%
$50 Ulysses S Grant
68%
$10 Alexander Hamilton
65%
$20 Andrew Jackson
65%
No matching quizzes found
Score Distribution
Percent of People with Each Score
Percentile by Number Answered
Your Score History
You have not taken this quiz